00410nam a2200145 a 4500008004100000020001500041050001900056100001700075245007700092260002900169300001700198350000900215650001400224650002600238120416s1988 ||||||||||||||||| || u a0709931220 aNA 2542.35 Des aKnox, Paul L14aThe design professions and the built environmentcedited by Paul L. Knox aLondonbCroom Helmc1988 a313p. : ill. a0.00 aTEXTBOOKS aARCHITECTRURE--ZAMBIA